Statystyki dla Wszystkie miasta województwa mazowieckiego na mapie

Kliknij tutaj aby rozwiązać quiz!

Ogólne statystyki

  • Ten quiz został rozwiązany 2 220 razy
  • Średni wynik to 44 z 92

Odpowiedzi na mapie

Odpowiedzi skodowane kolorowo w zielono-czerwonej skali na mapie do tego quizu, zgodnie z poniższymi procentami.
 

Statystyki odpowiedzi

WojewództwoMiasto% Poprawnych
MazowieckieWarszawa
98%
MazowieckieRadom
93%
MazowieckiePłock
91%
MazowieckieSiedlce
83%
MazowieckiePruszków
82%
MazowieckieOstrołęka
80%
MazowieckieLegionowo
77%
MazowieckiePiaseczno
75%
MazowieckieMińsk Mazowiecki
72%
MazowieckieOtwock
72%
MazowieckieWołomin
72%
MazowieckieCiechanów
70%
MazowieckieŻyrardów
68%
MazowieckieMarki
66%
MazowieckieMława
66%
MazowieckiePłońsk
66%
MazowieckieGrodzisk Mazowiecki
65%
MazowieckieNowy Dwór Mazowiecki
65%
MazowieckieZąbki
65%
MazowieckieSochaczew
64%
MazowieckiePułtusk
62%
MazowieckieGarwolin
60%
MazowieckieGrójec
60%
MazowieckieWyszków
60%
MazowieckieOstrów Mazowiecka
55%
MazowieckieSierpc
55%
MazowieckieŁomianki
54%
MazowieckieZielonka
54%
MazowieckieKonstancin-Jeziorna
53%
MazowieckiePrzasnysz
53%
MazowieckieGostynin
52%
MazowieckieJózefów
52%
MazowieckieSulejówek
52%
MazowieckieŻuromin
52%
MazowieckieBiałobrzegi
51%
MazowieckieKozienice
51%
MazowieckieOżarów Mazowiecki
51%
MazowieckieGóra Kalwaria
50%
MazowieckiePiastów
50%
MazowieckieSokołów Podlaski
50%
MazowieckieTłuszcz
50%
MazowieckieWarka
50%
MazowieckieWęgrów
50%
MazowieckieKobyłka
48%
MazowieckieMaków Mazowiecki
48%
MazowieckieRadzymin
48%
MazowieckieBłonie
47%
MazowieckieŁosice
47%
MazowieckieSzydłowiec
44%
MazowieckieMilanówek
43%
MazowieckiePrzysucha
43%
MazowieckieZwoleń
43%
MazowieckieBrwinów
42%
MazowieckieTarczyn
41%
MazowieckieHalinów
40%
MazowieckieLipsko
40%
MazowieckieMszczonów
40%
MazowieckieSerock
40%
MazowieckieNasielsk
39%
MazowieckiePionki
38%
MazowieckiePodkowa Leśna
37%
MazowieckieIłża
36%
MazowieckieMrozy
36%
MazowieckieGlinojeck
35%
MazowieckieKarczew
35%
MazowieckieŁochów
35%
MazowieckieNowe Miasto nad Pilicą
35%
MazowieckieWyszogród
35%
MazowieckieMordy
34%
MazowieckieMyszyniec
32%
MazowieckiePilawa
32%
MazowieckieDrobin
31%
MazowieckieRóżan
31%
MazowieckieZakroczym
31%
MazowieckieBrok
30%
MazowieckieChorzele
30%
MazowieckieGąbin
30%
MazowieckieKałuszyn
30%
MazowieckieCzerwińsk nad Wisłą
29%
MazowieckieBieżuń
28%
MazowieckieRaciąż
28%
MazowieckieMogielnica
27%
MazowieckieSkaryszew
27%
MazowieckieWiskitki
26%
MazowieckieŻelechów
26%
MazowieckieKosów Lacki
25%
MazowieckieŁaskarzew
24%
MazowieckieSanniki
24%
MazowieckieSolec nad Wisła
24%
MazowieckieWyśmierzyce
24%
MazowieckieSochocin
22%
MazowieckieLubowidz
21%

Rozkład punktacji

Percentyl według liczby udzielonych odpowiedzi

Procent ludzi z każdym wynikiem

Twoja historia wyników

Nie rozwiązałeś tego quizu